[Event "Brønshøj Lang Weekend 2015"]
[Site "?"]
[Date "2015.02.09"]
[Round "7.1"]
[White "Birk Petersen, Peter"]
[Black "Mikkelsen, Nikolaj"]
[Result "0-1"]
[BlackElo "2447"]
[WhiteElo "2158"]
[LiveChessVersion "1.4.5"]

1. c4 {[%clk 1:30:43]} Nf6 {[%clk 1:29:56]} 2. Nc3 {[%clk 1:30:35]} g6
{[%clk 1:30:15]} 3. g3 {[%clk 1:29:35]} Bg7 {[%clk 1:30:38]} 4. Bg2
{[%clk 1:29:59]} O-O {[%clk 1:30:40]} 5. Nf3 {[%clk 1:27:49]} d6 {[%clk 1:30:50]}
6. d3 {[%clk 1:27:31]} Nc6 {[%clk 1:28:05]} 7. O-O {[%clk 1:26:06]} e5
{[%clk 1:23:43]} 8. Rb1 {[%clk 1:19:56]} a5 {[%clk 1:16:09]} 9. a3
{[%clk 1:18:10]} Nd4 {[%clk 1:16:19]} 10. Ne1 {[%clk 1:02:36]} c6
{[%clk 1:06:44]} 11. b4 {[%clk 1:00:09]} axb4 {[%clk 1:04:27]} 12. axb4
{[%clk 1:00:28]} h6 {[%clk 1:02:30]} 13. e3 {[%clk 0:56:06]} Nf5 {[%clk 0:59:59]}
14. Nc2 {[%clk 0:53:13]} Be6 {[%clk 0:53:53]} 15. b5 {[%clk 0:51:10]} d5
{[%clk 0:53:46]} 16. bxc6 {[%clk 0:47:04]} bxc6 {[%clk 0:53:54]} 17. cxd5
{[%clk 0:47:26]} cxd5 {[%clk 0:53:58]} 18. Ba3 {[%clk 0:43:00]} Re8
{[%clk 0:53:58]} 19. Qd2 {[%clk 0:41:18]} h5 {[%clk 0:49:17]} 20. Nb5
{[%clk 0:37:47]} h4 {[%clk 0:46:09]} 21. Bb2 {[%clk 0:34:04]} hxg3
{[%clk 0:42:59]} 22. hxg3 {[%clk 0:34:27]} Ng4 {[%clk 0:41:44]} 23. Rfc1
{[%clk 0:29:23]} Rb8 {[%clk 0:34:57]} 24. Ba3 {[%clk 0:25:39]} Bh6
{[%clk 0:34:03]} 25. d4 {[%clk 0:24:34]} e4 {[%clk 0:28:39]} 26. Bc5
{[%clk 0:23:21]} Qd7 {[%clk 0:27:12]} 27. Nc3 {[%clk 0:22:00]} Nf6
{[%clk 0:26:43]} 28. Rxb8 {[%clk 0:18:02]} Rxb8 {[%clk 0:27:09]} 29. Ra1
{[%clk 0:18:24]} Ng7 {[%clk 0:26:11]} 30. Ra7 {[%clk 0:18:17]} Rb7
{[%clk 0:26:06]} 31. Ra8+ {[%clk 0:17:57]} Kh7 {[%clk 0:26:23]} 32. Qc1
{[%clk 0:15:45]} Bh3 {[%clk 0:26:06]} 33. Nb4 {[%clk 0:14:10]} Bxg2
{[%clk 0:26:04]} 34. Kxg2 {[%clk 0:14:39]} Qf5 {[%clk 0:24:01]} 35. Qd1
{[%clk 0:11:05]} Ne6 {[%clk 0:14:09]} 36. Nc2 {[%clk 0:07:14]} Ng5
{[%clk 0:13:23]} 37. Ne1 {[%clk 0:05:16]} Qh3+ {[%clk 0:13:49]} 38. Kg1
{[%clk 0:05:34]} Ng4 {[%clk 0:11:20]} 39. Ra2 {[%clk 0:05:57]} Nh2
{[%clk 0:09:21]} 40. f4 {[%clk 0:19:20]} Ngf3+ {[%clk 0:24:34]} 0-1

[Event "Brønshøj Lang Weekend 2015"]
[Site "?"]
[Date "2015.02.09"]
[Round "7.2"]
[White "Bekker-Jensen, Simon"]
[Black "Fries Nielsen, Niels Jørgen"]
[Result "1-0"]
[BlackElo "2324"]
[WhiteElo "2452"]
[LiveChessVersion "1.4.5"]

1. d4 {[%clk 1:30:56]} Nf6 {[%clk 1:30:59]} 2. c4 {[%clk 1:31:17]} c5
{[%clk 1:31:25]} 3. d5 {[%clk 1:31:37]} b5 {[%clk 1:31:50]} 4. cxb5 a6 5. bxa6
{[%clk 1:31:58]} d6 {[%clk 1:32:44]} 6. Nc3 {[%clk 1:32:08]} g6 {[%clk 1:33:05]}
7. e4 {[%clk 1:32:02]} Bg7 {[%clk 1:33:19]} 8. Nf3 {[%clk 1:31:58]} O-O
{[%clk 1:33:46]} 9. Be2 {[%clk 1:31:37]} Bxa6 {[%clk 1:34:02]} 10. O-O
{[%clk 1:31:47]} Qb6 {[%clk 1:34:17]} 11. Re1 {[%clk 1:27:57]} Nfd7
{[%clk 1:34:00]} 12. a4 {[%clk 1:16:30]} c4 {[%clk 1:30:38]} 13. Be3
{[%clk 1:06:37]} Nc5 {[%clk 1:28:54]} 14. Bd4 {[%clk 1:04:53]} f6
{[%clk 1:26:49]} 15. Nd2 {[%clk 1:01:35]} Qb4 {[%clk 1:25:46]} 16. Na2
{[%clk 1:00:48]} Qb7 {[%clk 1:22:28]} 17. Bxc5 {[%clk 0:51:48]} dxc5
{[%clk 1:22:56]} 18. Nxc4 {[%clk 0:51:16]} Nd7 {[%clk 1:21:48]} 19. Qc2
{[%clk 0:50:01]} Rfb8 {[%clk 1:18:24]} 20. Rab1 {[%clk 0:47:33]} Qb3
{[%clk 1:18:16]} 21. Qxb3 {[%clk 0:45:05]} Rxb3 {[%clk 1:18:44]} 22. Na5
{[%clk 0:43:52]} Rb6 {[%clk 1:19:04]} 23. Bxa6 {[%clk 0:43:48]} Raxa6
{[%clk 1:15:41]} 24. Nc6 {[%clk 0:43:55]} Kf8 {[%clk 1:14:48]} 25. Nc3
{[%clk 0:43:48]} c4 {[%clk 1:14:58]} 26. a5 {[%clk 0:42:20]} Rb7 {[%clk 1:15:27]}
27. Na4 {[%clk 0:41:42]} e6 {[%clk 1:15:37]} 28. Rbc1 {[%clk 0:38:33]} f5
{[%clk 1:15:24]} 29. Rxc4 {[%clk 0:36:02]} exd5 {[%clk 1:15:53]} 30. exd5
{[%clk 0:36:10]} Rb5 {[%clk 1:16:21]} 31. Rd1 {[%clk 0:35:23]} Be5
{[%clk 1:16:32]} 32. b4 {[%clk 0:34:14]} Ra8 {[%clk 1:16:19]} 33. Nc5
{[%clk 0:33:10]} 1-0

[Event "Brønshøj Lang Weekend 2015"]
[Site "?"]
[Date "2015.02.09"]
[Round "7.3"]
[White "Nielsen, Klaus"]
[Black "Semcesen, Daniel"]
[Result "0-1"]
[BlackElo "2466"]
[WhiteElo "2094"]
[LiveChessVersion "1.4.5"]

1. d4 {[%clk 1:30:57]} d6 {[%clk 1:30:17]} 2. e4 {[%clk 1:28:21]} Nf6
{[%clk 1:30:39]} 3. Nc3 {[%clk 1:27:36]} e5 {[%clk 1:30:15]} 4. Bg5
{[%clk 1:26:00]} Be7 {[%clk 1:29:56]} 5. Nf3 {[%clk 1:22:31]} Nbd7
{[%clk 1:29:53]} 6. Bc4 {[%clk 1:19:19]} c6 {[%clk 1:29:21]} 7. dxe5
{[%clk 1:16:45]} dxe5 {[%clk 1:29:00]} 8. Qe2 {[%clk 1:15:25]} O-O
{[%clk 1:28:22]} 9. O-O {[%clk 1:15:00]} Qc7 {[%clk 1:24:57]} 10. a4
{[%clk 1:10:10]} h6 {[%clk 1:24:16]} 11. Bd2 {[%clk 1:08:18]} Nc5
{[%clk 1:19:39]} 12. h3 {[%clk 1:04:13]} Ne6 {[%clk 1:19:14]} 13. Be3
{[%clk 1:04:00]} Bb4 {[%clk 1:16:26]} 14. Bd3 {[%clk 0:56:45]} Re8
{[%clk 1:13:18]} 15. Nb1 {[%clk 0:48:44]} Nc5 {[%clk 1:07:22]} 16. Bxc5
{[%clk 0:48:41]} Bxc5 {[%clk 1:07:41]} 17. Nfd2 {[%clk 0:43:29]} g6
{[%clk 1:05:42]} 18. Nb3 {[%clk 0:39:08]} Bf8 {[%clk 1:05:58]} 19. g4
{[%clk 0:37:37]} Nh7 {[%clk 1:02:50]} 20. N1d2 {[%clk 0:37:02]} Ng5
{[%clk 1:03:04]} 21. Kg2 {[%clk 0:36:50]} Ne6 {[%clk 1:01:56]} 22. Kh2
{[%clk 0:35:20]} Qe7 {[%clk 0:57:55]} 23. Qf3 {[%clk 0:30:57]} Kg7
{[%clk 0:56:34]} 24. Nc4 {[%clk 0:30:39]} Nf4 {[%clk 0:55:43]} 25. Rad1
{[%clk 0:30:44]} Qf6 {[%clk 0:53:40]} 26. Qg3 {[%clk 0:28:04]} Be7
{[%clk 0:49:38]} 27. Rg1 {[%clk 0:25:12]} h5 {[%clk 0:36:03]} 28. g5
{[%clk 0:24:03]} Qe6 {[%clk 0:36:23]} 29. h4 {[%clk 0:23:14]} f6 {[%clk 0:33:03]}
30. gxf6+ {[%clk 0:22:23]} Bxf6 {[%clk 0:30:12]} 31. Ne3 {[%clk 0:22:12]} Qh3+
{[%clk 0:26:24]} 32. Qxh3 {[%clk 0:22:33]} Nxh3 {[%clk 0:25:16]} 33. Rg3
{[%clk 0:17:41]} Nxf2 {[%clk 0:24:31]} 34. Rd2 {[%clk 0:14:15]} Ng4+
{[%clk 0:23:36]} 35. Nxg4 {[%clk 0:14:30]} Bxg4 {[%clk 0:22:59]} 36. Bc4
{[%clk 0:13:40]} Bxh4 {[%clk 0:22:54]} 0-1

[Event "Brønshøj Lang Weekend 2015"]
[Site "?"]
[Date "2015.02.09"]
[Round "7.4"]
[White "Aabling-Thomsen, Jakob"]
[Black "R.W. Olsen, Michael"]
[Result "1-0"]
[BlackElo "2003"]
[WhiteElo "2327"]
[LiveChessVersion "1.4.5"]

1. e4 {[%clk 1:30:57]} e6 {[%clk 1:27:55]} 2. d4 {[%clk 1:30:57]} d5
{[%clk 1:28:13]} 3. Nc3 {[%clk 1:31:23]} dxe4 {[%clk 1:28:34]} 4. Nxe4
{[%clk 1:31:50]} Nf6 {[%clk 1:28:32]} 5. Nxf6+ {[%clk 1:29:53]} gxf6
{[%clk 1:28:52]} 6. Be3 {[%clk 1:29:24]} Bb4+ {[%clk 1:26:10]} 7. c3
{[%clk 1:29:32]} Bd6 {[%clk 1:26:37]} 8. Qh5 {[%clk 1:26:31]} Nd7
{[%clk 1:26:31]} 9. Nf3 {[%clk 1:23:29]} b6 {[%clk 1:22:57]} 10. Bc4
{[%clk 1:13:18]} Qe7 {[%clk 1:20:59]} 11. d5 {[%clk 1:12:07]} e5 {[%clk 1:19:35]}
12. Nh4 {[%clk 1:11:24]} Nf8 {[%clk 1:16:16]} 13. Bb5+ {[%clk 1:10:56]} Kd8
{[%clk 1:16:25]} 14. Bc6 {[%clk 1:05:58]} Rb8 {[%clk 1:15:50]} 15. Nf5
{[%clk 1:03:44]} Bxf5 {[%clk 1:16:14]} 16. Qxf5 {[%clk 1:04:11]} Ng6
{[%clk 1:12:37]} 17. h4 {[%clk 1:03:21]} Nf4 {[%clk 1:01:31]} 18. Kf1
{[%clk 1:01:24]} 1-0

[Event "Brønshøj Lang Weekend 2015"]
[Site "?"]
[Date "2015.02.09"]
[Round "7.5"]
[White "Stojanovski, Sandi"]
[Black "Manosri Jacobsen, Mikkel"]
[Result "1-0"]
[BlackElo "2145"]
[WhiteElo "2231"]
[LiveChessVersion "1.4.5"]

1. e4 {[%clk 1:29:12]} c6 {[%clk 1:30:29]} 2. d4 {[%clk 1:29:15]} d5
{[%clk 1:30:54]} 3. exd5 {[%clk 1:29:33]} cxd5 {[%clk 1:31:22]} 4. c4
{[%clk 1:29:42]} Nf6 {[%clk 1:31:43]} 5. Nc3 {[%clk 1:29:47]} Nc6
{[%clk 1:31:28]} 6. Nf3 {[%clk 1:30:03]} Be6 {[%clk 1:29:51]} 7. c5
{[%clk 1:23:17]} g6 {[%clk 1:30:13]} 8. Be2 {[%clk 1:17:50]} Bg7 {[%clk 1:30:33]}
9. O-O {[%clk 1:17:55]} O-O {[%clk 1:30:55]} 10. Be3 {[%clk 1:14:13]} Qc7
{[%clk 1:21:56]} 11. Qc1 {[%clk 1:07:00]} Nh5 {[%clk 1:17:28]} 12. Ng5
{[%clk 0:57:38]} Nxd4 {[%clk 1:10:20]} 13. Bxd4 {[%clk 0:56:44]} Bxd4
{[%clk 1:10:42]} 14. Bxh5 {[%clk 0:56:52]} gxh5 {[%clk 1:05:21]} 15. Qc2
{[%clk 0:56:13]} Rfd8 {[%clk 1:05:31]} 16. Qxh7+ {[%clk 0:55:57]} Kf8
{[%clk 1:05:55]} 17. Rae1 {[%clk 0:52:50]} Qf4 {[%clk 1:00:26]} 18. Nxe6+
{[%clk 0:49:23]} fxe6 {[%clk 1:00:49]} 19. Ne2 {[%clk 0:49:34]} Qf6
{[%clk 0:58:20]} 20. Nxd4 {[%clk 0:49:54]} Qxd4 {[%clk 0:58:48]} 21. Rxe6
{[%clk 0:49:22]} Qg7 {[%clk 0:57:14]} 22. Qxh5 {[%clk 0:49:13]} Qf7
{[%clk 0:56:59]} 23. Rg6 {[%clk 0:48:02]} e6 {[%clk 0:55:40]} 24. Qg5
{[%clk 0:47:36]} 1-0

[Event "Brønshøj Lang Weekend 2015"]
[Site "?"]
[Date "2015.02.09"]
[Round "7.6"]
[White "W. Fredericia, Louise"]
[Black "Bach Nielsen, Thomas"]
[Result "0-1"]
[BlackElo "2198"]
[WhiteElo "2064"]
[LiveChessVersion "1.4.5"]

1. e4 {[%clk 1:30:56]} c6 {[%clk 1:30:54]} 2. Nc3 {[%clk 1:30:59]} d5
{[%clk 1:31:16]} 3. Nf3 {[%clk 1:31:16]} dxe4 {[%clk 1:30:04]} 4. Nxe4
{[%clk 1:31:37]} Nf6 {[%clk 1:30:24]} 5. Ng3 {[%clk 1:29:45]} Bg4
{[%clk 1:21:07]} 6. Bc4 {[%clk 1:28:20]} e6 {[%clk 1:21:09]} 7. h3
{[%clk 1:26:36]} Bxf3 {[%clk 1:21:16]} 8. Qxf3 {[%clk 1:26:50]} Nbd7
{[%clk 1:21:23]} 9. Bb3 {[%clk 1:25:05]} a5 {[%clk 1:17:08]} 10. d4
{[%clk 1:17:20]} a4 {[%clk 1:15:02]} 11. Bc4 {[%clk 1:17:46]} Nb6
{[%clk 1:15:02]} 12. Bd3 {[%clk 1:18:11]} Qxd4 {[%clk 1:10:23]} 13. Be3
{[%clk 1:16:39]} Bb4+ {[%clk 0:58:35]} 14. Ke2 {[%clk 1:13:21]} Qe5
{[%clk 0:56:07]} 15. c3 {[%clk 1:09:01]} Bc5 {[%clk 0:54:06]} 16. Ne4
{[%clk 1:08:26]} Nxe4 {[%clk 0:50:48]} 17. Bxe4 {[%clk 1:08:42]} Bxe3
{[%clk 0:48:54]} 18. fxe3 {[%clk 1:09:03]} Nd5 {[%clk 0:45:31]} 19. Rad1
{[%clk 1:06:44]} O-O {[%clk 0:44:37]} 20. g4 {[%clk 1:05:10]} a3 {[%clk 0:44:07]}
21. Bxd5 {[%clk 1:02:57]} cxd5 {[%clk 0:43:12]} 22. Qf4 {[%clk 1:02:51]} Qxf4
{[%clk 0:42:39]} 23. exf4 {[%clk 1:03:20]} axb2 {[%clk 0:42:10]} 24. Rd2
{[%clk 1:02:04]} Rxa2 {[%clk 0:41:52]} 25. Rb1 {[%clk 1:02:02]} Rc8
{[%clk 0:34:25]} 26. Rdxb2 {[%clk 1:02:11]} Rxb2+ {[%clk 0:34:18]} 27. Rxb2
{[%clk 1:02:40]} Rc7 {[%clk 0:29:59]} 28. Kd3 {[%clk 1:01:26]} Kf8
{[%clk 0:30:09]} 29. f5 {[%clk 0:59:55]} Ke7 {[%clk 0:26:35]} 30. Rb5
{[%clk 0:58:04]} Kf6 {[%clk 0:23:05]} 31. fxe6 {[%clk 0:58:08]} fxe6
{[%clk 0:22:56]} 32. h4 {[%clk 0:56:21]} h6 {[%clk 0:21:31]} 33. Rb2
{[%clk 0:54:42]} Rc4 {[%clk 0:19:35]} 34. Rf2+ {[%clk 0:52:50]} Ke5
{[%clk 0:19:40]} 35. Rg2 {[%clk 0:51:42]} g5 {[%clk 0:19:26]} 0-1

[Event "Brønshøj Lang Weekend 2015"]
[Site "?"]
[Date "2015.02.09"]
[Round "7.7"]
[White "Karlsson, Ulf"]
[Black "Holmsgaard, Henrik"]
[Result "1/2-1/2"]
[BlackElo "2275"]
[WhiteElo "2000"]
[LiveChessVersion "1.4.5"]

1. e4 {[%clk 1:30:58]} c5 {[%clk 1:29:29]} 2. Nc3 {[%clk 1:31:20]} Nc6
{[%clk 1:29:24]} 3. g3 {[%clk 1:31:41]} g6 {[%clk 1:28:38]} 4. Bg2
{[%clk 1:32:06]} Bg7 {[%clk 1:29:01]} 5. d3 {[%clk 1:32:30]} d6 {[%clk 1:28:11]}
6. f4 {[%clk 1:32:40]} e6 {[%clk 1:27:36]} 7. Nf3 {[%clk 1:32:25]} Nge7
{[%clk 1:27:57]} 8. O-O {[%clk 1:32:46]} O-O {[%clk 1:28:20]} 9. Be3
{[%clk 1:31:57]} Nd4 {[%clk 1:27:40]} 10. e5 {[%clk 1:32:15]} Bd7
{[%clk 1:26:32]} 11. Ne4 {[%clk 1:16:43]} Nef5 {[%clk 1:22:09]} 12. Bf2
{[%clk 1:14:19]} Bc6 {[%clk 1:16:03]} 13. c3 {[%clk 1:09:43]} Nxf3+
{[%clk 1:08:42]} 14. Bxf3 {[%clk 1:09:23]} dxe5 {[%clk 1:06:40]} 15. fxe5
{[%clk 1:01:37]} Bxe5 {[%clk 1:02:39]} 16. Nxc5 {[%clk 0:54:39]} Qc7
{[%clk 0:59:22]} 17. d4 {[%clk 0:51:49]} Bg7 {[%clk 0:58:41]} 18. Qe2
{[%clk 0:48:52]} Rfe8 {[%clk 0:56:24]} 19. g4 {[%clk 0:46:11]} Ne7
{[%clk 0:48:14]} 20. Bg3 {[%clk 0:42:35]} 1/2-1/2

[Event "Brønshøj Lang Weekend 2015"]
[Site "?"]
[Date "2015.02.09"]
[Round "7.8"]
[White "Nordenbæk Pedersen, Jan"]
[Black "Mikkel Andersen, Søren"]
[Result "0-1"]
[BlackElo "2119"]
[WhiteElo "2192"]
[LiveChessVersion "1.4.5"]

1. e4 {[%clk 1:30:58]} c5 {[%clk 1:30:50]} 2. Nf3 {[%clk 1:31:23]} d6
{[%clk 1:31:14]} 3. Bb5+ {[%clk 1:31:18]} Bd7 {[%clk 1:30:55]} 4. Bxd7+
{[%clk 1:31:43]} Qxd7 {[%clk 1:31:20]} 5. O-O {[%clk 1:32:06]} Nf6
{[%clk 1:31:08]} 6. Qe2 {[%clk 1:31:56]} Nc6 {[%clk 1:30:42]} 7. Rd1
{[%clk 1:31:56]} e6 {[%clk 1:30:32]} 8. d4 {[%clk 1:31:30]} cxd4 {[%clk 1:24:59]}
9. Nxd4 {[%clk 1:31:21]} Rc8 {[%clk 1:24:41]} 10. b3 {[%clk 1:24:31]} Be7
{[%clk 1:23:49]} 11. Bb2 {[%clk 1:20:37]} O-O {[%clk 1:23:49]} 12. c4
{[%clk 1:20:37]} Nxd4 {[%clk 1:23:11]} 13. Rxd4 {[%clk 1:19:21]} Qc6
{[%clk 1:23:04]} 14. Nc3 {[%clk 1:19:40]} Rfd8 {[%clk 1:08:40]} 15. Rad1
{[%clk 1:19:15]} a6 {[%clk 1:06:11]} 16. a4 {[%clk 1:11:22]} Qb6 {[%clk 1:01:45]}
17. R4d3 {[%clk 1:07:53]} Nd7 {[%clk 0:58:54]} 18. Rg3 {[%clk 1:04:59]} Bf8
{[%clk 0:57:05]} 19. Nd5 {[%clk 0:54:20]} exd5 {[%clk 0:53:14]} 20. Bxg7
{[%clk 0:53:36]} Bxg7 {[%clk 0:51:37]} 21. Qg4 {[%clk 0:53:57]} Kf8
{[%clk 0:51:50]} 22. Qxg7+ {[%clk 0:53:46]} Ke8 {[%clk 0:48:31]} 23. exd5
{[%clk 0:32:09]} Ne5 {[%clk 0:39:58]} 24. Qxh7 {[%clk 0:22:47]} Kd7
{[%clk 0:36:24]} 25. a5 {[%clk 0:15:33]} Qa7 {[%clk 0:31:36]} 26. Rc3
{[%clk 0:06:31]} Kc7 {[%clk 0:29:23]} 27. Qc2 {[%clk 0:03:23]} Kb8
{[%clk 0:29:15]} 28. b4 {[%clk 0:03:01]} Rc7 {[%clk 0:23:09]} 29. Qe4
{[%clk 0:03:09]} Rg8 {[%clk 0:18:21]} 30. h3 {[%clk 0:03:12]} f5 {[%clk 0:15:19]}
31. Qf4 {[%clk 0:03:21]} Ka8 {[%clk 0:05:46]} 32. Rdc1 {[%clk 0:03:35]} Rcg7
{[%clk 0:04:01]} 33. g3 {[%clk 0:03:57]} Ng6 {[%clk 0:04:06]} 34. Qxf5
{[%clk 0:01:20]} Qd4 {[%clk 0:03:40]} 35. Qd3 {[%clk 0:01:09]} Qf6
{[%clk 0:02:35]} 36. Qf3 {[%clk 0:00:41]} Qe5 {[%clk 0:02:23]} 37. Re3
{[%clk 0:00:38]} Qb2 {[%clk 0:02:39]} 38. Rce1 {[%clk 0:01:01]} Ne5
{[%clk 0:02:51]} 39. Rxe5 {[%clk 0:01:12]} dxe5 {[%clk 0:03:03]} 40. b5
{[%clk 0:16:18]} axb5 {[%clk 0:16:51]} 41. c5 {[%clk 0:14:23]} Qd2
{[%clk 0:15:42]} 42. Rd1 {[%clk 0:10:46]} Qc2 {[%clk 0:12:11]} 43. c6
{[%clk 0:04:12]} e4 {[%clk 0:11:33]} 44. cxb7+ {[%clk 0:04:39]} Kxb7
{[%clk 0:10:55]} 45. a6+ {[%clk 0:05:05]} Ka8 0-1

[Event "Brønshøj Lang Weekend 2015"]
[Site "?"]
[Date "2015.02.09"]
[Round "7.9"]
[White "A. Eriksson, Christian"]
[Black "Surender, Anil"]
[Result "1-0"]
[BlackElo "2062"]
[WhiteElo "2147"]
[LiveChessVersion "1.4.5"]

1. e4 {[%clk 1:30:58]} g6 {[%clk 1:30:54]} 2. d4 {[%clk 1:31:21]} Bg7
{[%clk 1:31:19]} 3. Nc3 {[%clk 1:31:38]} d6 {[%clk 1:31:45]} 4. Nf3
{[%clk 1:31:55]} a6 {[%clk 1:32:10]} 5. a4 {[%clk 1:32:05]} b6 {[%clk 1:32:32]}
6. Bd3 {[%clk 1:30:15]} Nd7 {[%clk 1:32:46]} 7. Ne2 {[%clk 1:29:58]} Bb7
{[%clk 1:33:06]} 8. O-O {[%clk 1:29:36]} e6 {[%clk 1:31:49]} 9. Re1
{[%clk 1:28:28]} Ne7 {[%clk 1:32:13]} 10. Ng3 {[%clk 1:28:21]} h6
{[%clk 1:31:18]} 11. c3 {[%clk 1:27:40]} O-O {[%clk 1:29:57]} 12. h4
{[%clk 1:25:49]} e5 {[%clk 1:22:27]} 13. h5 {[%clk 1:23:30]} g5 {[%clk 1:22:31]}
14. Bc2 {[%clk 1:19:51]} c5 {[%clk 1:13:28]} 15. d5 {[%clk 1:10:54]} Nf6
{[%clk 1:10:53]} 16. c4 {[%clk 1:05:40]} Bc8 {[%clk 1:08:30]} 17. Nh2
{[%clk 1:04:42]} Bd7 {[%clk 0:55:45]} 18. Ra3 {[%clk 1:00:37]} Qc8
{[%clk 0:53:30]} 19. Qe2 {[%clk 0:58:30]} Nh7 {[%clk 0:51:12]} 20. Qf3
{[%clk 0:52:58]} f5 {[%clk 0:48:41]} 21. exf5 {[%clk 0:52:12]} Nxf5
{[%clk 0:48:33]} 22. Qd3 {[%clk 0:51:22]} Rf7 {[%clk 0:48:46]} 23. Ne4
{[%clk 0:47:18]} Qf8 {[%clk 0:43:05]} 24. Be3 {[%clk 0:42:06]} Re8
{[%clk 0:17:41]} 25. Nf1 {[%clk 0:35:21]} Nf6 {[%clk 0:13:10]} 26. Bd1
{[%clk 0:25:37]} Nxe4 {[%clk 0:10:17]} 27. Qxe4 {[%clk 0:26:01]} Nd4
{[%clk 0:09:36]} 28. Ng3 {[%clk 0:25:58]} Rf4 {[%clk 0:06:44]} 29. Qg6
{[%clk 0:24:07]} Rf6 {[%clk 0:06:11]} 30. Qe4 {[%clk 0:23:52]} Rf4
{[%clk 0:06:36]} 31. Qb1 {[%clk 0:22:43]} Rh4 {[%clk 0:05:59]} 32. Qg6
{[%clk 0:17:40]} Nf5 {[%clk 0:04:38]} 33. Rf1 {[%clk 0:11:07]} Rxc4
{[%clk 0:03:15]} 34. Be2 {[%clk 0:09:04]} Rh4 {[%clk 0:02:32]} 35. Bxa6
{[%clk 0:08:36]} e4 {[%clk 0:01:11]} 36. Bb5 {[%clk 0:08:17]} Bxb5
{[%clk 0:00:45]} 37. Nxf5 {[%clk 0:05:49]} Bxf1 {[%clk 0:01:00]} 38. Nxh6+
{[%clk 0:05:29]} Kh8 {[%clk 0:01:14]} 39. Nf7+ {[%clk 0:05:46]} Kg8
{[%clk 0:00:44]} 40. Nxg5 {[%clk 0:21:01]} Qe7 {[%clk 0:15:54]} 41. Qh7+
{[%clk 0:20:55]} Kf8 {[%clk 0:16:20]} 42. Ne6+ {[%clk 0:21:10]} Qxe6
{[%clk 0:16:26]} 43. dxe6 {[%clk 0:21:33]} Rxe6 {[%clk 0:15:35]} 44. Bg5
{[%clk 0:19:28]} Rg4 {[%clk 0:08:50]} 45. Qf5+ {[%clk 0:19:33]} 1-0

[Event "Brønshøj Lang Weekend 2015"]
[Site "?"]
[Date "2015.02.09"]
[Round "7.10"]
[White "Moe, Mogens"]
[Black "Jørgensen, Mikkel"]
[Result "1-0"]
[BlackElo "1889"]
[WhiteElo "2183"]
[LiveChessVersion "1.4.5"]

1. e4 {[%clk 1:30:56]} c5 {[%clk 1:30:50]} 2. Nf3 {[%clk 1:31:20]} Nc6
{[%clk 1:31:16]} 3. d4 {[%clk 1:31:43]} cxd4 {[%clk 1:31:42]} 4. Nxd4
{[%clk 1:32:07]} e5 {[%clk 1:32:05]} 5. Nb5 {[%clk 1:32:22]} d6 {[%clk 1:32:22]}
6. N1c3 {[%clk 1:32:40]} a6 {[%clk 1:32:41]} 7. Na3 {[%clk 1:32:59]} Nf6
{[%clk 1:32:54]} 8. Bg5 {[%clk 1:33:10]} b5 {[%clk 1:32:31]} 9. Nd5
{[%clk 1:33:08]} Be7 {[%clk 1:32:18]} 10. Bxf6 {[%clk 1:33:14]} Bxf6
{[%clk 1:32:31]} 11. c3 {[%clk 1:33:32]} Bg5 {[%clk 1:32:29]} 12. Nc2
{[%clk 1:33:45]} O-O {[%clk 1:28:14]} 13. h4 {[%clk 1:28:19]} Bf6
{[%clk 1:14:44]} 14. a4 {[%clk 1:19:35]} bxa4 {[%clk 1:08:47]} 15. Rxa4
{[%clk 1:19:51]} Ne7 {[%clk 1:03:31]} 16. Nxf6+ {[%clk 1:09:32]} gxf6
{[%clk 1:03:54]} 17. Qf3 {[%clk 1:09:44]} f5 {[%clk 0:53:00]} 18. exf5
{[%clk 1:02:23]} Bxf5 {[%clk 0:53:02]} 19. Ne3 {[%clk 1:01:39]} Bd7
{[%clk 0:49:48]} 20. Rxa6 {[%clk 0:58:03]} Rxa6 {[%clk 0:43:24]} 21. Bxa6
{[%clk 0:58:24]} f5 {[%clk 0:33:44]} 22. h5 {[%clk 0:50:45]} Kh8 {[%clk 0:31:05]}
23. O-O {[%clk 0:49:53]} Bc6 {[%clk 0:29:16]} 24. Qd1 {[%clk 0:49:44]} Rg8
{[%clk 0:26:01]} 25. Bc4 {[%clk 0:46:00]} Rg5 {[%clk 0:20:22]} 26. f4
{[%clk 0:28:50]} Rg3 {[%clk 0:15:52]} 27. Qe1 {[%clk 0:29:11]} Rg7
{[%clk 0:12:46]} 28. Qd2 {[%clk 0:28:31]} Qb6 {[%clk 0:11:44]} 29. Kh2
{[%clk 0:28:47]} exf4 {[%clk 0:09:11]} 30. Rxf4 {[%clk 0:28:43]} Qb7
{[%clk 0:07:53]} 31. h6 {[%clk 0:27:33]} 1-0

[Event "Brønshøj Lang Weekend 2015"]
[Site "?"]
[Date "2015.02.09"]
[Round "7.11"]
[White "Ussing Bojesen, Villads"]
[Black "Andersen, Rune"]
[Result "0-1"]
[BlackElo "2056"]
[WhiteElo "1946"]
[LiveChessVersion "1.4.5"]

1. e4 {[%clk 1:30:55]} c5 {[%clk 1:30:54]} 2. d4 {[%clk 1:31:20]} cxd4
{[%clk 1:31:18]} 3. c3 {[%clk 1:31:45]} Nf6 {[%clk 1:31:41]} 4. e5
{[%clk 1:32:09]} Nd5 {[%clk 1:32:04]} 5. Nf3 {[%clk 1:31:13]} e6 {[%clk 1:31:21]}
6. cxd4 {[%clk 1:31:10]} d6 {[%clk 1:31:41]} 7. Nc3 {[%clk 1:29:05]} dxe5
{[%clk 1:30:41]} 8. Nxe5 {[%clk 1:28:56]} Nf6 {[%clk 1:26:05]} 9. Bd3
{[%clk 1:25:36]} Be7 {[%clk 1:24:59]} 10. O-O {[%clk 1:24:22]} O-O
{[%clk 1:24:34]} 11. Re1 {[%clk 1:19:07]} Nc6 {[%clk 1:24:17]} 12. Nxc6
{[%clk 1:16:08]} bxc6 {[%clk 1:24:40]} 13. Bg5 {[%clk 1:13:15]} Rb8
{[%clk 1:20:52]} 14. Qd2 {[%clk 1:08:11]} Kh8 {[%clk 1:12:09]} 15. Be2
{[%clk 1:03:47]} c5 {[%clk 1:11:27]} 16. Bf4 {[%clk 0:57:01]} Rb4
{[%clk 1:05:27]} 17. Nb5 {[%clk 0:44:43]} a6 {[%clk 0:57:54]} 18. a3
{[%clk 0:43:53]} Rxb5 {[%clk 0:58:03]} 19. Bxb5 {[%clk 0:44:16]} axb5
{[%clk 0:58:28]} 20. dxc5 {[%clk 0:42:16]} Bxc5 {[%clk 0:58:25]} 21. Qc2
{[%clk 0:41:45]} Bb6 {[%clk 0:57:20]} 22. Rad1 {[%clk 0:38:11]} Nd5
{[%clk 0:56:59]} 23. Rd3 {[%clk 0:36:18]} Bb7 {[%clk 0:49:10]} 24. Rh3
{[%clk 0:34:19]} Nf6 {[%clk 0:49:20]} 25. Rd1 {[%clk 0:31:55]} Qa8
{[%clk 0:46:41]} 26. Be5 {[%clk 0:29:04]} Be4 {[%clk 0:44:50]} 27. Qe2
{[%clk 0:24:02]} Rc8 {[%clk 0:31:46]} 28. Qxb5 Qa7 {[%clk 0:23:22]} 29. Bxf6
{[%clk 0:15:45]} gxf6 {[%clk 0:23:35]} 30. Qe2 {[%clk 0:12:25]} Qb7
{[%clk 0:20:59]} 31. Rg3 {[%clk 0:09:38]} Rc2 {[%clk 0:18:36]} 32. Qg4
{[%clk 0:09:52]} Bxf2+ {[%clk 0:18:25]} 33. Kh1 {[%clk 0:09:20]} Bg6
{[%clk 0:18:44]} 34. Rh3 {[%clk 0:08:31]} Qc7 {[%clk 0:15:32]} 35. Rf3
{[%clk 0:05:35]} Rc4 {[%clk 0:13:51]} 36. Qxc4 {[%clk 0:03:05]} Qxc4
{[%clk 0:14:13]} 37. Rxf2 {[%clk 0:03:33]} Be4 {[%clk 0:14:04]} 38. Rfd2
{[%clk 0:02:56]} Bd5 {[%clk 0:14:10]} 39. Rd3 {[%clk 0:02:47]} Qe4
{[%clk 0:11:59]} 40. R3d2 {[%clk 0:18:05]} f5 {[%clk 0:26:08]} 0-1